Statistiken für Geographie mit 5 Buchstaben

Klicken Sie hier um das Quiz zu spielen!

Allgemein

  • Dieses Quiz wurde 347 mal gespielt
  • Das Durchschnittsergebnis liegt bei 13 aus 20

Antwortstatistiken

HinweisAntwort% Korrekt
Größte Stadt in FrankreichParis
96%
"Land der aufgehenden Sonne"Japan
93%
Nachbar von Indien und ChinaNepal
86%
Land von DohaKatar
82%
Fluss, der durch Berlin fließtSpree
82%
Größte Insel in GriechenlandKreta
81%
Hauptstadt von MarokkoRabat
79%
US-Bundesstaat, wo Dallas istTexas
79%
Stadt mit künstlichen "Palmeninseln"Dubai
70%
Hauptstadt von Western AustraliaPerth
68%
Der östlichste US-BundesstaatMaine
66%
Hauptstadt von SenegalDakar
63%
Norwegen auf NorwegischNorge
62%
Land von NiameyNiger
58%
Fluss, der durch Nantes und Orleans fließtLoire
55%
Gebirgszug in NordafrikaAtlas
51%
Fluss und Namensvetter mit zwei LändernKongo
51%
Einer der Großen SeenHuron
45%
Das Land wurde einst von François "Papa Doc" Duvalier regiertHaiti
37%
Stadt gebaut auf den Ruinen des alten ThebenLuxor
15%

Verteilung der Resultate

Perzentil nach korrekt beantworteten Fragen

Anzahl Personen mit jedem Resultat

Ihre Resultats-Entwicklung

Sie haben dieses Quiz noch nicht gespielt